[Event "Irena Warakomska Memorial B"]
[Site "Suwalki"]
[Date "2018.08.08"]
[Round "9"]
[White "Furtak, Joanna"]
[Black "Tylenda, Krzysztof"]
[Result "1/2-1/2"]
[Board "21"]
[WhiteElo "1948"]
[WhiteCountry "POL"]
[WhiteFideId "21804842"]
[WhiteEloChange "-7"]
[BlackElo "1669"]
[BlackCountry "POL"]
[BlackFideId "1169165"]
[BlackEloChange "7"]

1. e4 {[%clk 1:30:30]} c5 {[%clk 1:30:30]} 2. Nf3 {[%clk 1:30:30]} g6 {[%clk
1:30:30]} 3. d4 {[%clk 1:30:30]} cxd4 {[%clk 1:30:30]} 4. Nxd4 {[%clk 1:30:30]}
Bg7 {[%clk 1:30:30]} 5. c4 {[%clk 1:30:30]} Nc6 {[%clk 1:30:30]} 6. Be3 {[%clk
1:30:30]} Nf6 {[%clk 1:30:30]} 7. Nc3 {[%clk 1:30:30]} Ng4 {[%clk 1:30:30]} 8.
Qxg4 {[%clk 1:30:30]} Nxd4 {[%clk 1:30:30]} 9. Qd1 {[%clk 1:30:30]} Ne6 {[%clk
1:30:30]} 10. Rc1 {[%clk 1:30:30]} d6 {[%clk 1:30:30]} 11. Be2 {[%clk 1:30:30]}
b6 {[%clk 1:30:30]} 12. Qd2 {[%clk 1:30:30]} Bb7 {[%clk 1:30:30]} 13. b4 {[%clk
1:30:30]} O-O {[%clk 1:30:30]} 14. f3 {[%clk 1:30:30]} Rc8 {[%clk 1:30:30]} 15.
O-O {[%clk 1:30:30]} Qd7 {[%clk 1:30:30]} 16. Rfd1 {[%clk 1:30:30]} f5 {[%clk
1:30:30]} 17. exf5 {[%clk 1:30:30]} gxf5 {[%clk 1:30:30]} 18. Nd5 {[%clk
1:30:30]} Nc7 {[%clk 1:30:30]} 19. Bg5 {[%clk 1:30:30]} Nxd5 {[%clk 1:30:30]} 20.
cxd5 {[%clk 1:30:30]} Rxc1 {[%clk 1:30:30]} 21. Rxc1 {[%clk 1:30:30]} Rc8 {[%clk
1:30:30]} 22. Rxc8+ {[%clk 1:30:30]} Bxc8 {[%clk 1:30:30]} 23. Bc4 {[%clk
1:30:30]} b5 {[%clk 1:30:30]} 24. Bb3 {[%clk 1:30:30]} Qc7 {[%clk 1:30:30]} 25.
Qc1 {[%clk 1:30:30]} Bd4+ {[%clk 1:30:30]} 26. Kf1 {[%clk 1:30:30]} Qxc1+ {[%clk
1:30:30]} 27. Bxc1 {[%clk 1:30:30]} Kf7 {[%clk 1:30:30]} 28. Ke2 {[%clk 1:30:30]}
e5 {[%clk 1:30:30]} 29. dxe6+ {[%clk 1:30:30]} Bxe6 {[%clk 1:30:30]} 30. Bxe6+
{[%clk 1:30:30]} Kxe6 {[%clk 1:30:30]} 31. Kd3 {[%clk 1:30:30]} Be5 {[%clk
1:30:30]} 32. f4 {[%clk 1:30:30]} Bf6 {[%clk 1:30:30]} 33. Be3 {[%clk 1:30:30]}
a6 {[%clk 1:30:30]} 34. Bf2 {[%clk 1:30:30]} Kd5 {[%clk 1:30:30]} 35. Bb6 {[%clk
1:30:30]} h5 {[%clk 1:30:30]} 36. Bf2 {[%clk 1:30:30]} Bb2 {[%clk 1:30:30]} 37.
Be3 {[%clk 1:30:30]} Bg7 {[%clk 1:30:30]} 38. g3 {[%clk 1:30:30]} Bf6 {[%clk
1:30:30]} 39. Bf2 {[%clk 1:30:30]} Bd8 {[%clk 1:30:30]} 40. h4 {[%clk 1:30:30]}
a5 {[%clk 1:30:30]} 41. a3 {[%clk 1:30:30]} a4 {[%clk 1:30:30]} 42. Bd4 {[%clk
1:30:30]} Ke6 {[%clk 1:30:30]} 43. Kc3 {[%clk 1:30:30]} Bf6 {[%clk 1:30:30]} 44.
Bxf6 {[%clk 1:30:30]} Kxf6 {[%clk 1:30:30]} 45. Kd4 {[%clk 1:30:30]} Ke6 {[%clk
1:30:30]} 46. Ke3 {[%clk 1:30:30]} Kd5 {[%clk 1:30:30]} 1/2-1/2

[Event "Irena Warakomska Memorial B"]
[Site "Suwalki"]
[Date "2018.08.08"]
[Round "9"]
[White "Binkis, Evgeniya"]
[Black "Zolkiewski, Jakub"]
[Result "1-0"]
[Board "22"]
[WhiteElo "1723"]
[WhiteCountry "RUS"]
[WhiteFideId "44110863"]
[WhiteEloChange "15"]
[BlackElo "1894"]
[BlackCountry "POL"]
[BlackFideId "1184695"]
[BlackEloChange "-15"]

1. e4 {[%clk 1:30:30]} e6 {[%clk 1:30:30]} 2. d4 {[%clk 1:30:30]} d5 {[%clk
1:30:30]} 3. Nd2 {[%clk 1:30:30]} Nf6 {[%clk 1:30:30]} 4. Bd3 {[%clk 1:30:30]} c5
{[%clk 1:30:30]} 5. c3 {[%clk 1:30:30]} Nc6 {[%clk 1:30:30]} 6. e5 {[%clk
1:30:30]} Nd7 {[%clk 1:30:30]} 7. Ne2 {[%clk 1:30:30]} cxd4 {[%clk 1:30:30]} 8.
cxd4 {[%clk 1:30:30]} f6 {[%clk 1:30:30]} 9. exf6 {[%clk 1:30:30]} Nxf6 {[%clk
1:30:30]} 10. O-O {[%clk 1:30:30]} Bd6 {[%clk 1:30:30]} 11. Nf3 {[%clk 1:30:30]}
Qc7 {[%clk 1:30:30]} 12. Bg5 {[%clk 1:30:30]} O-O {[%clk 1:30:30]} 13. Rc1 {[%clk
1:30:30]} Ne4 {[%clk 1:30:30]} 14. Bh4 {[%clk 1:30:30]} g6 {[%clk 1:30:30]} 15.
Nc3 {[%clk 1:30:30]} Nxc3 {[%clk 1:30:30]} 16. bxc3 {[%clk 1:30:30]} Bf4 {[%clk
1:30:30]} 17. Rc2 {[%clk 1:30:30]} Qg7 {[%clk 1:30:30]} 18. Bg3 {[%clk 1:30:30]}
Bd7 {[%clk 1:30:30]} 19. Re2 {[%clk 1:30:30]} Bxg3 {[%clk 1:30:30]} 20. hxg3
{[%clk 1:30:30]} Rf6 {[%clk 1:30:30]} 21. Ne5 {[%clk 1:30:30]} Nxe5 {[%clk
1:30:30]} 22. Rxe5 {[%clk 1:30:30]} Rc8 {[%clk 1:30:30]} 23. Qb3 {[%clk 1:30:30]}
Bc6 {[%clk 1:30:30]} 24. Rfe1 {[%clk 1:30:30]} Qf7 {[%clk 1:30:30]} 25. f4 {[%clk
1:30:30]} Qd7 {[%clk 1:30:30]} 26. Qb2 {[%clk 1:30:30]} a6 {[%clk 1:30:30]} 27.
Qd2 {[%clk 1:30:30]} Rcf8 {[%clk 1:30:30]} 28. Qe3 {[%clk 1:30:30]} Qf7 {[%clk
1:30:30]} 29. Rxe6 {[%clk 1:30:30]} Rxe6 {[%clk 1:30:30]} 30. Qxe6 {[%clk
1:30:30]} Re8 {[%clk 1:30:30]} 31. Qxf7+ {[%clk 1:30:30]} Kxf7 {[%clk 1:30:30]}
32. Rxe8 {[%clk 1:30:30]} Bxe8 {[%clk 1:30:30]} 33. Kf2 {[%clk 1:30:30]} b5
{[%clk 1:30:30]} 34. Kf3 {[%clk 1:30:30]} Bd7 {[%clk 1:30:30]} 35. g4 {[%clk
1:30:30]} h6 {[%clk 1:30:30]} 36. f5 {[%clk 1:30:30]} gxf5 {[%clk 1:30:30]} 37.
gxf5 {[%clk 1:30:30]} Kf6 {[%clk 1:30:30]} 38. Kf4 {[%clk 1:30:30]} Bc8 {[%clk
1:30:30]} 39. a3 {[%clk 1:30:30]} Bd7 {[%clk 1:30:30]} 40. Be2 {[%clk 1:30:30]}
Bxf5 {[%clk 1:30:30]} 41. Bh5 {[%clk 1:30:30]} Bd7 {[%clk 1:30:30]} 42. Be2
{[%clk 1:30:30]} Bf5 {[%clk 1:30:30]} 43. g3 {[%clk 1:30:30]} Bd7 {[%clk
1:30:30]} 44. Bh5 {[%clk 1:30:30]} Bc6 {[%clk 1:30:30]} 45. Bg4 {[%clk 1:30:30]}
Bb7 {[%clk 1:30:30]} 46. Bd7 {[%clk 1:30:30]} Ke7 {[%clk 1:30:30]} 47. Bf5 {[%clk
1:30:30]} Kf6 {[%clk 1:30:30]} 48. Bg4 {[%clk 1:30:30]} Bc6 {[%clk 1:30:30]} 49.
Bf3 {[%clk 1:30:30]} Bb7 {[%clk 1:30:30]} 50. Kg4 {[%clk 1:30:30]} Kg6 {[%clk
1:30:30]} 51. Be2 {[%clk 1:30:30]} Bc8+ {[%clk 1:30:30]} 52. Kh4 {[%clk 1:30:30]}
Bd7 {[%clk 1:30:30]} 53. Bf3 {[%clk 1:30:30]} Bc6 {[%clk 1:30:30]} 54. Bg4 {[%clk
1:30:30]} a5 {[%clk 1:30:30]} 55. Be2 {[%clk 1:30:30]} Bd7 {[%clk 1:30:30]} 56.
Bd3+ {[%clk 1:30:30]} Kf6 {[%clk 1:30:30]} 57. Kh5 {[%clk 1:30:30]} Kg7 {[%clk
1:30:30]} 58. Be2 {[%clk 1:30:30]} Be8+ {[%clk 1:30:30]} 59. Kg4 {[%clk 1:30:30]}
Kf6 {[%clk 1:30:30]} 60. Kf4 {[%clk 1:30:30]} Bd7 {[%clk 1:30:30]} 61. Bf3 {[%clk
1:30:30]} Be6 {[%clk 1:30:30]} 62. g4 {[%clk 1:30:30]} Bf7 {[%clk 1:30:30]} 63.
Be2 {[%clk 1:30:30]} Be8 {[%clk 1:30:30]} 64. Bd3 {[%clk 1:30:30]} Bd7 {[%clk
1:30:30]} 65. Bh7 {[%clk 1:30:30]} Be6 {[%clk 1:30:30]} 66. Bc2 {[%clk 1:30:30]}
Bc8 {[%clk 1:30:30]} 67. Bd3 {[%clk 1:30:30]} Bd7 {[%clk 1:30:30]} 68. Bf1 {[%clk
1:30:30]} Be8 {[%clk 1:30:30]} 69. Be2 {[%clk 1:30:30]} Bc6 {[%clk 1:30:30]} 70.
Bf3 {[%clk 1:30:30]} Bb7 {[%clk 1:30:30]} 71. Bg2 {[%clk 1:30:30]} Bc6 {[%clk
1:30:30]} 72. Bf1 {[%clk 1:30:30]} Be8 {[%clk 1:30:30]} 73. Bd3 {[%clk 1:30:30]}
Bd7 {[%clk 1:30:30]} 74. Bc2 {[%clk 1:30:30]} Bc8 {[%clk 1:30:30]} 75. Bh7 {[%clk
1:30:30]} Be6 {[%clk 1:30:30]} 76. Bb1 {[%clk 1:30:30]} Bc8 {[%clk 1:30:30]} 77.
Ba2 {[%clk 1:30:30]} Bb7 {[%clk 1:30:30]} 78. Bb3 {[%clk 1:30:30]} a4 {[%clk
1:30:30]} 79. Ba2 {[%clk 1:30:30]} Ba8 {[%clk 1:30:30]} 80. Bb1 {[%clk 1:30:30]}
Bc6 {[%clk 1:30:30]} 81. Bf5 {[%clk 1:30:30]} Be8 {[%clk 1:30:30]} 82. Bc8 {[%clk
1:30:30]} Bc6 {[%clk 1:30:30]} 83. Ba6 {[%clk 1:30:30]} Ke6 {[%clk 1:30:30]} 84.
g5 {[%clk 1:30:30]} hxg5+ {[%clk 1:30:30]} 85. Kxg5 {[%clk 1:30:30]} Bd7 {[%clk
1:30:30]} 86. Kg6 {[%clk 1:30:30]} Bc6 {[%clk 1:30:30]} 87. Bc8+ {[%clk 1:30:30]}
Ke7 {[%clk 1:30:30]} 88. Kf5 {[%clk 1:30:30]} Kd6 {[%clk 1:30:30]} 89. Kf6 {[%clk
1:30:30]} Ba8 {[%clk 1:30:30]} 90. Kf7 {[%clk 1:30:30]} Bc6 {[%clk 1:30:30]} 91.
Bg4 {[%clk 1:30:30]} Bb7 {[%clk 1:30:30]} 92. Ke8 {[%clk 1:30:30]} Bc6+ {[%clk
1:30:30]} 93. Kd8 {[%clk 1:30:30]} Bb7 {[%clk 1:30:30]} 94. Bf5 {[%clk 1:30:30]}
Bc6 {[%clk 1:30:30]} 95. Kc8 {[%clk 1:30:30]} Ba8 {[%clk 1:30:30]} 96. Kb8 {[%clk
1:30:30]} Bc6 {[%clk 1:30:30]} 97. Bg4 {[%clk 1:30:30]} b4 {[%clk 1:30:30]} 98.
cxb4 {[%clk 1:30:30]} Bb5 {[%clk 1:30:30]} 99. Kb7 {[%clk 1:30:30]} Bc4 {[%clk
1:30:30]} 100. Kb6 {[%clk 1:30:30]} Bb3 {[%clk 1:30:30]} 101. Be2 {[%clk
1:30:30]} Bc4 {[%clk 1:30:30]} 102. Bh5 {[%clk 1:30:30]} Ke7 {[%clk 1:30:30]}
103. Kc6 {[%clk 1:30:30]} Kd8 {[%clk 1:30:30]} 104. Bf7 {[%clk 1:30:30]} 1-0

[Event "Irena Warakomska Memorial B"]
[Site "Suwalki"]
[Date "2018.08.08"]
[Round "9"]
[White "Dryja, Szymon"]
[Black "Bartoszewicz, Marcin"]
[Result "0-1"]
[Board "23"]
[WhiteElo "1898"]
[WhiteCountry "POL"]
[WhiteFideId "1165160"]
[WhiteEloChange "-10"]
[BlackElo "1907"]
[BlackCountry "POL"]
[BlackFideId "1131966"]
[BlackEloChange "10"]

1. d4 {[%clk 1:30:30]} Nf6 {[%clk 1:30:30]} 2. c4 {[%clk 1:30:30]} g6 {[%clk
1:30:30]} 3. Nc3 {[%clk 1:30:30]} Bg7 {[%clk 1:30:30]} 4. e4 {[%clk 1:30:30]} O-O
{[%clk 1:30:30]} 5. Be2 {[%clk 1:30:30]} d6 {[%clk 1:30:30]} 6. Be3 {[%clk
1:30:30]} c6 {[%clk 1:30:30]} 7. g4 {[%clk 1:30:30]} Qa5 {[%clk 1:30:30]} 8. f3
{[%clk 1:30:30]} e5 {[%clk 1:30:30]} 9. d5 {[%clk 1:30:30]} c5 {[%clk 1:30:30]}
10. h4 {[%clk 1:30:30]} h5 {[%clk 1:30:30]} 11. Bd2 {[%clk 1:30:30]} Na6 {[%clk
1:30:30]} 12. Nh3 {[%clk 1:30:30]} Qd8 {[%clk 1:30:30]} 13. Nf2 {[%clk 1:30:30]}
Nc7 {[%clk 1:30:30]} 14. f4 {[%clk 1:30:30]} Nxg4 {[%clk 1:30:30]} 15. Bxg4
{[%clk 1:30:30]} hxg4 {[%clk 1:30:30]} 16. Nxg4 {[%clk 1:30:30]} f5 {[%clk
1:30:30]} 17. Nf2 {[%clk 1:30:30]} exf4 {[%clk 1:30:30]} 18. Qf3 {[%clk 1:30:30]}
b5 {[%clk 1:30:30]} 19. O-O-O {[%clk 1:30:30]} b4 {[%clk 1:30:30]} 20. Ne2 {[%clk
1:30:30]} Qf6 {[%clk 1:30:30]} 21. Qb3 {[%clk 1:30:30]} a5 {[%clk 1:30:30]} 22.
Bxf4 {[%clk 1:30:30]} a4 {[%clk 1:30:30]} 23. Qc2 {[%clk 1:30:30]} b3 {[%clk
1:30:30]} 24. axb3 {[%clk 1:30:30]} axb3 {[%clk 1:30:30]} 25. Qb1 {[%clk
1:30:30]} Ra2 {[%clk 1:30:30]} 26. Rd2 {[%clk 1:30:30]} Ba6 {[%clk 1:30:30]} 27.
Nc3 {[%clk 1:30:30]} Bxc4 {[%clk 1:30:30]} 28. Nxa2 {[%clk 1:30:30]} bxa2 {[%clk
1:30:30]} 29. Qa1 {[%clk 1:30:30]} fxe4 {[%clk 1:30:30]} 30. Bg5 {[%clk 1:30:30]}
Qf3 {[%clk 1:30:30]} 31. Re1 {[%clk 1:30:30]} Re8 {[%clk 1:30:30]} 32. Re3 {[%clk
1:30:30]} Qf5 {[%clk 1:30:30]} 33. Nd1 {[%clk 1:30:30]} Nxd5 {[%clk 1:30:30]} 34.
Rc2 {[%clk 1:30:30]} Qf1 {[%clk 1:30:30]} 35. Rf2 {[%clk 1:30:30]} Qh1 {[%clk
1:30:30]} 36. Rc2 {[%clk 1:30:30]} Nxe3 {[%clk 1:30:30]} 37. Bxe3 {[%clk
1:30:30]} Qf1 {[%clk 1:30:30]} 38. Rf2 {[%clk 1:30:30]} Qh1 {[%clk 1:30:30]} 39.
Rc2 {[%clk 1:30:30]} Bb3 {[%clk 1:30:30]} 40. Rd2 {[%clk 1:30:30]} Rf8 {[%clk
1:30:30]} 41. Rxd6 {[%clk 1:30:30]} Rf1 {[%clk 1:30:30]} 0-1

[Event "Irena Warakomska Memorial B"]
[Site "Suwalki"]
[Date "2018.08.08"]
[Round "9"]
[White "Wielgus, Wojciech"]
[Black "Cap, Piotr"]
[Result "0-1"]
[Board "24"]
[WhiteElo "1652"]
[WhiteCountry "POL"]
[WhiteFideId "21853118"]
[WhiteEloChange "-3"]
[BlackElo "1934"]
[BlackCountry "POL"]
[BlackFideId "21880530"]
[BlackEloChange "3"]

1. e4 {[%clk 1:30:30]} d6 {[%clk 1:30:30]} 2. d4 {[%clk 1:30:30]} Nf6 {[%clk
1:30:30]} 3. Nc3 {[%clk 1:30:30]} g6 {[%clk 1:30:30]} 4. f3 {[%clk 1:30:30]} Bg7
{[%clk 1:30:30]} 5. Be3 {[%clk 1:30:30]} Nc6 {[%clk 1:30:30]} 6. Qd2 {[%clk
1:30:30]} e5 {[%clk 1:30:30]} 7. Nce2 {[%clk 1:30:30]} O-O {[%clk 1:30:30]} 8.
O-O-O {[%clk 1:30:30]} a5 {[%clk 1:30:30]} 9. h4 {[%clk 1:30:30]} a4 {[%clk
1:30:30]} 10. Bh6 {[%clk 1:30:30]} a3 {[%clk 1:30:30]} 11. b3 {[%clk 1:30:30]}
exd4 {[%clk 1:30:30]} 12. h5 {[%clk 1:30:30]} Qe7 {[%clk 1:30:30]} 13. Bxg7
{[%clk 1:30:30]} Kxg7 {[%clk 1:30:30]} 14. hxg6 {[%clk 1:30:30]} fxg6 {[%clk
1:30:30]} 15. Qh6+ {[%clk 1:30:30]} Kg8 {[%clk 1:30:30]} 16. Nxd4 {[%clk
1:30:30]} Nxd4 {[%clk 1:30:30]} 17. Rxd4 {[%clk 1:30:30]} d5 {[%clk 1:30:30]} 18.
Ne2 {[%clk 1:30:30]} c5 {[%clk 1:30:30]} 19. Rd1 {[%clk 1:30:30]} dxe4 {[%clk
1:30:30]} 20. Nf4 {[%clk 1:30:30]} b5 {[%clk 1:30:30]} 21. Bxb5 {[%clk 1:30:30]}
Ba6 {[%clk 1:30:30]} 22. Bc6 {[%clk 1:30:30]} Ra7 {[%clk 1:30:30]} 23. Bd5+
{[%clk 1:30:30]} Nxd5 {[%clk 1:30:30]} 24. Rxd5 {[%clk 1:30:30]} Qf6 {[%clk
1:30:30]} 25. Rh4 {[%clk 1:30:30]} e3 {[%clk 1:30:30]} 26. c3 {[%clk 1:30:30]}
Qxc3+ {[%clk 1:30:30]} 27. Kd1 {[%clk 1:30:30]} Qa1+ {[%clk 1:30:30]} 28. Kc2
{[%clk 1:30:30]} Qb2+ {[%clk 1:30:30]} 29. Kd1 {[%clk 1:30:30]} Qb1# {[%clk
1:30:30]} 0-1

[Event "Irena Warakomska Memorial B"]
[Site "Suwalki"]
[Date "2018.08.08"]
[Round "9"]
[White "Paszkowski, Krystian"]
[Black "Zielinski, Konrad"]
[Result "1/2-1/2"]
[Board "25"]
[WhiteElo "1609"]
[WhiteCountry "POL"]
[WhiteFideId "21853002"]
[WhiteEloChange "1"]
[BlackElo "1646"]
[BlackCountry "POL"]
[BlackFideId "1164945"]
[BlackEloChange "-1"]

1. c4 {[%clk 1:30:30]} e6 {[%clk 1:30:30]} 2. Nf3 {[%clk 1:30:30]} Nf6 {[%clk
1:30:30]} 3. g3 {[%clk 1:30:30]} d5 {[%clk 1:30:30]} 4. b3 {[%clk 1:30:30]} Be7
{[%clk 1:30:30]} 5. Bg2 {[%clk 1:30:30]} O-O {[%clk 1:30:30]} 6. O-O {[%clk
1:30:30]} b6 {[%clk 1:30:30]} 7. Bb2 {[%clk 1:30:30]} Bb7 {[%clk 1:30:30]} 8. d3
{[%clk 1:30:30]} c5 {[%clk 1:30:30]} 9. Nbd2 {[%clk 1:30:30]} Nc6 {[%clk
1:30:30]} 10. a3 {[%clk 1:30:30]} Rc8 {[%clk 1:30:30]} 1/2-1/2

[Event "Irena Warakomska Memorial B"]
[Site "Suwalki"]
[Date "2018.08.08"]
[Round "9"]
[White "Paziak, Patryk"]
[Black "Sapinski, Sebastian"]
[Result "1-0"]
[Board "26"]
[WhiteElo "1811"]
[WhiteCountry "POL"]
[WhiteFideId "1168185"]
[WhiteEloChange "3"]
[BlackElo "1496"]
[BlackCountry "POL"]
[BlackFideId "21817340"]
[BlackEloChange "-3"]

1. c4 {[%clk 1:30:30]} Nf6 {[%clk 1:30:30]} 2. Nc3 {[%clk 1:30:30]} e6 {[%clk
1:30:30]} 3. Nf3 {[%clk 1:30:30]} d5 {[%clk 1:30:30]} 4. g3 {[%clk 1:30:30]} Be7
{[%clk 1:30:30]} 5. Bg2 {[%clk 1:30:30]} O-O {[%clk 1:30:30]} 6. cxd5 {[%clk
1:30:30]} exd5 {[%clk 1:30:30]} 7. O-O {[%clk 1:30:30]} c5 {[%clk 1:30:30]} 8. d4
{[%clk 1:30:30]} Nc6 {[%clk 1:30:30]} 9. Bf4 {[%clk 1:30:30]} Bg4 {[%clk
1:30:30]} 10. Ne5 {[%clk 1:30:30]} cxd4 {[%clk 1:30:30]} 11. Nxg4 {[%clk
1:30:30]} dxc3 {[%clk 1:30:30]} 12. Nxf6+ {[%clk 1:30:30]} Bxf6 {[%clk 1:30:30]}
13. bxc3 {[%clk 1:30:30]} Bxc3 {[%clk 1:30:30]} 14. Rb1 {[%clk 1:30:30]} d4
{[%clk 1:30:30]} 15. Rxb7 {[%clk 1:30:30]} Na5 {[%clk 1:30:30]} 16. Bc7 {[%clk
1:30:30]} Qg5 {[%clk 1:30:30]} 17. Bf4 {[%clk 1:30:30]} Qg6 {[%clk 1:30:30]} 18.
Rc7 {[%clk 1:30:30]} Rab8 {[%clk 1:30:30]} 19. Rxa7 {[%clk 1:30:30]} Rb2 {[%clk
1:30:30]} 20. Qa4 {[%clk 1:30:30]} Qb6 {[%clk 1:30:30]} 21. Qd7 {[%clk 1:30:30]}
Qe6 {[%clk 1:30:30]} 22. Bd5 {[%clk 1:30:30]} Qxd7 {[%clk 1:30:30]} 23. Rxd7
{[%clk 1:30:30]} Rxe2 {[%clk 1:30:30]} 24. Bd6 {[%clk 1:30:30]} d3 {[%clk
1:30:30]} 25. Bxf7+ {[%clk 1:30:30]} 1-0

[Event "Irena Warakomska Memorial B"]
[Site "Suwalki"]
[Date "2018.08.08"]
[Round "9"]
[White "Warchol, Kamil"]
[Black "Blasiak, Miroslaw"]
[Result "1/2-1/2"]
[Board "27"]
[WhiteElo "1540"]
[WhiteTitle "CM"]
[WhiteCountry "POL"]
[WhiteFideId "21858241"]
[WhiteEloChange "4"]
[BlackElo "1683"]
[BlackCountry "POL"]
[BlackFideId "1109324"]
[BlackEloChange "-4"]

1. e4 {[%clk 1:30:30]} e5 {[%clk 1:30:30]} 2. Nf3 {[%clk 1:30:30]} Nc6 {[%clk
1:30:30]} 3. Bc4 {[%clk 1:30:30]} Nf6 {[%clk 1:30:30]} 4. d3 {[%clk 1:30:30]} Be7
{[%clk 1:30:30]} 5. c3 {[%clk 1:30:30]} O-O {[%clk 1:30:30]} 6. Nbd2 {[%clk
1:30:30]} d6 {[%clk 1:30:30]} 7. Nf1 {[%clk 1:30:30]} Na5 {[%clk 1:30:30]} 8. Bb5
{[%clk 1:30:30]} a6 {[%clk 1:30:30]} 9. Ba4 {[%clk 1:30:30]} b5 {[%clk 1:30:30]}
10. Bc2 {[%clk 1:30:30]} c5 {[%clk 1:30:30]} 11. Ng3 {[%clk 1:30:30]} Re8 {[%clk
1:30:30]} 12. O-O {[%clk 1:30:30]} h6 {[%clk 1:30:30]} 13. h3 {[%clk 1:30:30]}
Bf8 {[%clk 1:30:30]} 14. Nh2 {[%clk 1:30:30]} d5 {[%clk 1:30:30]} 15. Qf3 {[%clk
1:30:30]} Be6 {[%clk 1:30:30]} 16. Ng4 {[%clk 1:30:30]} Nxg4 {[%clk 1:30:30]} 17.
hxg4 {[%clk 1:30:30]} g6 {[%clk 1:30:30]} 18. exd5 {[%clk 1:30:30]} Bxd5 {[%clk
1:30:30]} 19. Ne4 {[%clk 1:30:30]} Bg7 {[%clk 1:30:30]} 20. Qh3 {[%clk 1:30:30]}
Bxe4 {[%clk 1:30:30]} 21. dxe4 {[%clk 1:30:30]} g5 {[%clk 1:30:30]} 22. Be3
{[%clk 1:30:30]} Qe7 {[%clk 1:30:30]} 23. Rad1 {[%clk 1:30:30]} Rad8 {[%clk
1:30:30]} 24. Qf3 {[%clk 1:30:30]} Rxd1 {[%clk 1:30:30]} 25. Rxd1 {[%clk
1:30:30]} Nc4 {[%clk 1:30:30]} 26. Rd5 {[%clk 1:30:30]} Nxe3 {[%clk 1:30:30]} 27.
Qxe3 {[%clk 1:30:30]} Bf8 {[%clk 1:30:30]} 28. Qd2 {[%clk 1:30:30]} Qf6 {[%clk
1:30:30]} 29. Bb3 {[%clk 1:30:30]} Be7 {[%clk 1:30:30]} 30. Rd7 {[%clk 1:30:30]}
c4 {[%clk 1:30:30]} 31. Bc2 {[%clk 1:30:30]} Rd8 {[%clk 1:30:30]} 32. a4 {[%clk
1:30:30]} Rxd7 {[%clk 1:30:30]} 33. Qxd7 {[%clk 1:30:30]} Qd6 {[%clk 1:30:30]}
34. Qxd6 {[%clk 1:30:30]} Bxd6 {[%clk 1:30:30]} 35. Kf1 {[%clk 1:30:30]} b4
{[%clk 1:30:30]} 36. Bd1 {[%clk 1:30:30]} bxc3 {[%clk 1:30:30]} 37. bxc3 {[%clk
1:30:30]} a5 {[%clk 1:30:30]} 38. Be2 {[%clk 1:30:30]} Ba3 {[%clk 1:30:30]} 39.
Bxc4 {[%clk 1:30:30]} Bb2 {[%clk 1:30:30]} 40. Ke2 {[%clk 1:30:30]} Bxc3 {[%clk
1:30:30]} 1/2-1/2

[Event "Irena Warakomska Memorial B"]
[Site "Suwalki"]
[Date "2018.08.08"]
[Round "9"]
[White "Halas, Przemyslaw"]
[Black "Pazdzior, Michal"]
[Result "1-0"]
[Board "28"]
[WhiteElo "1964"]
[WhiteCountry "POL"]
[WhiteFideId "1122029"]
[WhiteEloChange "3"]
[BlackElo "1656"]
[BlackCountry "POL"]
[BlackFideId "1135872"]
[BlackEloChange "-3"]

1. e4 {[%clk 1:30:30]} e6 {[%clk 1:30:30]} 2. d4 {[%clk 1:30:30]} d5 {[%clk
1:30:30]} 3. Nc3 {[%clk 1:30:30]} Nf6 {[%clk 1:30:30]} 4. e5 {[%clk 1:30:30]}
Nfd7 {[%clk 1:30:30]} 5. f4 {[%clk 1:30:30]} c5 {[%clk 1:30:30]} 6. Nf3 {[%clk
1:30:30]} Nc6 {[%clk 1:30:30]} 7. Be3 {[%clk 1:30:30]} cxd4 {[%clk 1:30:30]} 8.
Nxd4 {[%clk 1:30:30]} Bc5 {[%clk 1:30:30]} 9. Qd2 {[%clk 1:30:30]} Bxd4 {[%clk
1:30:30]} 10. Bxd4 {[%clk 1:30:30]} Nxd4 {[%clk 1:30:30]} 11. Qxd4 {[%clk
1:30:30]} Qb6 {[%clk 1:30:30]} 12. Qxb6 {[%clk 1:30:30]} Nxb6 {[%clk 1:30:30]}
13. Nb5 {[%clk 1:30:30]} O-O {[%clk 1:30:30]} 14. Bd3 {[%clk 1:30:30]} Bd7 {[%clk
1:30:30]} 15. Nd4 {[%clk 1:30:30]} Rac8 {[%clk 1:30:30]} 16. b3 {[%clk 1:30:30]}
f6 {[%clk 1:30:30]} 17. O-O {[%clk 1:30:30]} fxe5 {[%clk 1:30:30]} 18. fxe5
{[%clk 1:30:30]} a6 {[%clk 1:30:30]} 19. Rf3 {[%clk 1:30:30]} Rxf3 {[%clk
1:30:30]} 20. gxf3 {[%clk 1:30:30]} Rf8 {[%clk 1:30:30]} 21. Kf2 {[%clk 1:30:30]}
Nc8 {[%clk 1:30:30]} 22. Ke3 {[%clk 1:30:30]} Ne7 {[%clk 1:30:30]} 23. Rg1 {[%clk
1:30:30]} Nc6 {[%clk 1:30:30]} 24. Nxc6 {[%clk 1:30:30]} Bxc6 {[%clk 1:30:30]}
25. Rg3 {[%clk 1:30:30]} a5 {[%clk 1:30:30]} 26. a3 {[%clk 1:30:30]} b6 {[%clk
1:30:30]} 27. c3 {[%clk 1:30:30]} Rf7 {[%clk 1:30:30]} 28. f4 {[%clk 1:30:30]} g6
$11 {[%clk 1:30:30]} 29. h4 {[%clk 1:30:30]} Kf8 {[%clk 1:30:30]} 30. Rg5 {[%clk
1:30:30]} Rg7 {[%clk 1:30:30]} 31. Rg1 {[%clk 1:30:30]} Bb7 {[%clk 1:30:30]} 32.
b4 {[%clk 1:30:30]} Rc7 {[%clk 1:30:30]} 33. Kd4 {[%clk 1:30:30]} axb4 {[%clk
1:30:30]} 34. cxb4 {[%clk 1:30:30]} Rf7 {[%clk 1:30:30]} 35. Rf1 {[%clk 1:30:30]}
Rc7 {[%clk 1:30:30]} 36. a4 {[%clk 1:30:30]} Bc8 {[%clk 1:30:30]} 37. a5 {[%clk
1:30:30]} bxa5 {[%clk 1:30:30]} 38. bxa5 {[%clk 1:30:30]} Kg7 {[%clk 1:30:30]}
39. Rb1 {[%clk 1:30:30]} Kh6 {[%clk 1:30:30]} 40. Rb8 {[%clk 1:30:30]} Kh5 {[%clk
1:30:30]} 41. a6 {[%clk 1:30:30]} Kxh4 {[%clk 1:30:30]} 42. a7 {[%clk 1:30:30]}
Rxa7 {[%clk 1:30:30]} 43. Rxc8 {[%clk 1:30:30]} Kg3 {[%clk 1:30:30]} 44. Re8
{[%clk 1:30:30]} Kxf4 {[%clk 1:30:30]} 45. Rxe6 {[%clk 1:30:30]} g5 {[%clk
1:30:30]} 46. Rf6+ {[%clk 1:30:30]} Kg3 {[%clk 1:30:30]} 47. e6 {[%clk 1:30:30]}
h5 {[%clk 1:30:30]} 48. Rf7 {[%clk 1:30:30]} Ra8 {[%clk 1:30:30]} 49. e7 {[%clk
1:30:30]} Re8 {[%clk 1:30:30]} 50. Bb5 {[%clk 1:30:30]} Rxe7 {[%clk 1:30:30]} 51.
Rxe7 {[%clk 1:30:30]} h4 {[%clk 1:30:30]} 52. Bc6 {[%clk 1:30:30]} g4 {[%clk
1:30:30]} 53. Bxd5 {[%clk 1:30:30]} h3 {[%clk 1:30:30]} 54. Ke3 {[%clk 1:30:30]}
Kh2 {[%clk 1:30:30]} 55. Be6 {[%clk 1:30:30]} g3 {[%clk 1:30:30]} 56. Bxh3 {[%clk
1:30:30]} Kxh3 {[%clk 1:30:30]} 57. Kf3 {[%clk 1:30:30]} Kh2 {[%clk 1:30:30]} 58.
Rh7+ {[%clk 1:30:30]} 1-0